000 00355nam a2200157Ia 4500
008 230711s9999||||xx |||||||||||||| ||und||
041 _aENG
082 _a720
_bMO-A
100 _aMoniteur E
245 0 _aArchitecture in India
250 _a1st Ed.
260 _c1985
_aNew Delhi
_bSaint Gobain
300 _a183
650 _aArchitecture
942 _cBK
999 _c1565
_d1565